| 000 | 00887cab a2200289 4500 | ||
|---|---|---|---|
| 001 | WB2844-39 | ||
| 008 | 090401t1992 xxu||||| |||| 00| 0 eng d | ||
| 035 | _a(Sirsi) u59645 | ||
| 041 | _aeng | ||
| 245 | _aNew planning guidance | ||
| 260 | _c1992 | ||
| 350 | _a0 | ||
| 490 |
_aDoE News Release _v(723) 9 November 1992 (3) |
||
| 520 | _aThe Government believes that PPG5 "Simplified planning zones" and PPG4 "Industrial and commercial development and small firms" reconcile needs of the environment and those of local businesses. | ||
| 650 | _aDEVELOPMENT | ||
| 650 |
_aEnvironment _96238 |
||
| 650 |
_aInfrastructure _96246 |
||
| 650 | _aPLANNING | ||
| 650 | _aPPG4 | ||
| 650 | _aPPG5 | ||
| 650 | _aSIMPLIFIED PLANNING ZONES | ||
| 650 | _aSMALL BUSINESSES | ||
| 650 | _aWORKING AT HOME | ||
| 690 | _aPLANNING LAW AND PRACTICE | ||
| 942 | _n0 | ||
| 948 | _c04/03/1997 | ||
| 999 |
_c36623 _d36623 |
||